000
00292nam a22001337a 4500
008
210226b ||||| |||| 00| 0 eng d
020
_a
0669633623
041
_a
eng
080
_2
4th
_a
541
100
_a
12
101
_a
KIM
245
_a
General Chemistry
_c
Nebergall,H.W
942
_2
udc
_c
BK
999
_c
55272
_d
55272